Landkreise in Hessen - Sudden Death - Statistiken

Allgemein
  • Dieses Quiz wurde 136 mal gespielt
  • Das Durchschnittsergebnis liegt bei 7 aus 14
Answers on the Grid
Answers color-coded by a green-red scale on the quiz's grid according to % correct below.
Ortenaukreis
Main-Kinzig-Kreis
Donnersbergkreis
Limburg-Weilburg
Kassel
Groß-Umstadt
Hersfeld-Rotenburg
Rüsselsheim
Fulda
Wetzlar
Korbach
Gießen
Frankfurt (Oder)
Waldeck-Frankenberg
Marburg-Biedenkopf
Taunuskreis
Darmstadt-Dieburg
Rhein-Odenwald-Kreis
Hofgeismar
Offenbach
Vogelsbergkreis
Hochtaunuskreis
Kirchhain
Lahn-Dill-Kreis
Schlüchtern
Rhein-Lahn-Kreis
Bergstraße
Bad Homburg
Dillenburg-Herborn
Hünfeld
 
Antwortstatistiken
Antwort % Korrekt
Kassel
58%
Marburg-Biedenkopf
58%
Vogelsbergkreis
58%
Fulda
57%
Main-Kinzig-Kreis
57%
Gießen
56%
Lahn-Dill-Kreis
56%
Hochtaunuskreis
53%
Offenbach
52%
Darmstadt-Dieburg
50%
Waldeck-Frankenberg
50%
Bergstraße
47%
Limburg-Weilburg
47%
Hersfeld-Rotenburg
45%
Keine übereinstimmenden Quizze gefunden
Verteilung der Resultate
Anzahl Personen mit jedem Resultat
Perzentil nach korrekt beantworteten Fragen
Ihre Resultats-Entwicklung
Sie haben dieses Quiz noch nicht gespielt